Going to California lyrics (Led Zeppelin) - Statistics

General Stats
  • This quiz has been taken 15 times
  • The average score is 140 of 212
Answer Stats
Lyrics % Correct
a
100%
an
100%
and
100%
And
100%
flow
100%
I
100%
in
100%
my
100%
the
100%
The
100%
to
100%
To
100%
with
100%
With
100%
California
92%
Going
92%
woman
92%
all
83%
be
83%
love
83%
me
83%
start
83%
there
83%
up
83%
wine
83%
aching
75%
days
75%
hair
75%
heart
75%
her
75%
It
75%
it
75%
of
75%
out
75%
out)
75%
plane
75%
same
75%
Spend
75%
tell
75%
that
75%
drank
67%
eyes
67%
flowers
67%
it's
67%
jet
67%
might
67%
Never
67%
never,
67%
never
67%
nose
67%
on
67%
punch
67%
sinkin'
67%
Smoked
67%
startin'
67%
stuff
67%
They
67%
think
67%
time
67%
unkind
67%
you
67%
big
58%
find
58%
girl
58%
Made
58%
mind
58%
mountain
58%
seems
58%
they're
58%
dreams
50%
'em
50%
got
50%
if
50%
I'll
50%
let
50%
line,
50%
make
50%
new
50%
Oh,
50%
reach
50%
she
50%
Throw
50%
as
42%
been
42%
born
42%
gods
42%
guitar
42%
hard,
42%
hard
42%
king
42%
meet
42%
not
42%
queen
42%
Someone
42%
there's
42%
told
42%
Trying
42%
where
42%
who's
42%
without
42%
awake
33%
cries
33%
footsteps
33%
high
33%
La
33%
la
33%
myself
33%
path
33%
plays
33%
red
33%
runs
33%
sea
33%
shake
33%
sings
33%
sky
33%
straight
33%
Telling
33%
Took
33%
was
33%
(watch
33%
white
33%
wrath
33%
begin
25%
chances
25%
children
25%
dawn
25%
grey
25%
mare
25%
Ride
25%
say
25%
sun
25%
canyons
17%
follow
17%
Standing
17%
today
17%
tremble
17%
could
8%
ever
8%
hill
8%
how
8%
mountains
8%
tomorrow
8%
Wondered
8%
No matching quizzes found
Score Distribution
Percent of People with Each Score
Percentile by Number Answered
Your Score History
You have not taken this quiz